00817cam a2200241 a 4500020003200000040000800032082002600040100002200066245002200088246002000110246002200130260004300152300005600195500003700251500006800288500002000356520010100376650001200477650001200489650001700501700001900518710003800537 a0538669004 (acidfree paper) cDLC00a500 THO 1997 A031 Or.1 aSokolis, Gary E.,10aScience probe I /3 aScience probe 13 aScience probe one aCincinnati :bThomson Science,cc1997. axv, 553 p. :bill. (some col.), col. maps ;c26 cm. aAt head of title: South-Western. a"This product is adapted from Nelson Canada's Science probe 9." aIncludes index. aA collection of experiments concentrating on earth, space, physics, chemistry, and life science. 0aScience 1aScience 1aExperiments.1 aThee, Susan S.2 aSouth-western Publishing Company.